MARC details
| 000 -CABECERA |
| campo de control de longitud fija |
02007nam a2200301 a 4500 |
| 001 - NÚMERO DE CONTROL |
| campo de control |
000045223 |
| 005 - FECHA Y HORA DE LA ÚLTIMA TRANSACCIÓN |
| campo de control |
20201002045959.0 |
| 008 - DATOS DE LONGITUD FIJA--INFORMACIÓN GENERAL |
| campo de control de longitud fija |
150211s2013 dr abc 000 0 spa d |
| 020 ## - NÚMERO INTERNACIONAL ESTÁNDAR DEL LIBRO |
| ISBN cancelado o inválido |
9789945444026 (v.1) |
| 020 ## - NÚMERO INTERNACIONAL ESTÁNDAR DEL LIBRO |
| ISBN cancelado o inválido |
9789945400975 (v.2) |
| 020 ## - NÚMERO INTERNACIONAL ESTÁNDAR DEL LIBRO |
| ISBN cancelado o inválido |
978994540055X (v.5) |
| 020 ## - NÚMERO INTERNACIONAL ESTÁNDAR DEL LIBRO |
| ISBN cancelado o inválido |
9789945400576 (v.7) |
| 020 ## - NÚMERO INTERNACIONAL ESTÁNDAR DEL LIBRO |
| ISBN cancelado o inválido |
9789945400584 (v.8) |
| 040 ## - FUENTE DE LA CATALOGACIÓN |
| Centro catalogador/agencia de origen |
DO-SdBNP |
| Lengua de catalogación |
spa |
| Centro/agencia transcriptor |
BNPHU |
| 082 ## - NÚMERO DE LA CLASIFICACIÓN DECIMAL DEWEY |
| Número de clasificación |
xxxx |
| Número de documento/Ítem |
xxxx |
| 100 1# - ENTRADA PRINCIPAL--NOMBRE DE PERSONA |
| Nombre de persona |
Mateo Dicló, Luisa A. |
| 9 (RLIN) |
73244 |
| 245 10 - MENCIÓN DE TÍTULO |
| Título |
Artística : |
| Resto del título |
educación básica / |
| Mención de responsabilidad, etc. |
Luisa A. Mateo Dicló, Dafne M. Gil de Peiro, Omar Gil Bueno, Marianella Azócar ; ilustraciones Wi-Hen Fung, Ramón L. Sandoval. |
| 250 ## - MENCIÓN DE EDICIÓN |
| Mención de edición |
2ª ed. rev. y actualizada |
| 260 ## - PUBLICACIÓN, DISTRIBUCIÓN, ETC. |
| Lugar de publicación, distribución, etc. |
Santo Domingo : |
| Nombre del editor, distribuidor, etc. |
Actualidad Escolar 2000, |
| Fecha de publicación, distribución, etc. |
2013. |
| 300 ## - DESCRIPCIÓN FÍSICA |
| Extensión |
v. : |
| Otras características físicas |
il., mapas, retrs. ; |
| Dimensiones |
21 cm. |
| 500 ## - NOTA GENERAL |
| Nota general |
Este libro ha sido realizado de acuerdo al curriculum vigente y ha sido sometido a la evaluación y aprobación del MINERD. |
| 505 0# - NOTA DE CONTENIDO CON FORMATO |
| Nota de contenido con formato |
v. 1 |
| Título |
Conoce la educación artistica -- |
| -- |
Me conozco -- |
| -- |
La exploración -- |
| -- |
La observación -- |
| -- |
La expresión artística -- |
| -- |
Las artes y sus formas -- |
| -- |
Las artes y la cultura -- |
| -- |
Valorando la historia nacional -- |
| Información miscelánea |
v. 2 |
| Título |
La educación artística -- |
| -- |
Me conozco -- |
| -- |
La exploración -- |
| -- |
La expresión artística -- |
| -- |
Las artes y sus formas -- |
| -- |
Arte, cultura e historia -- |
| Información miscelánea |
v. 5 |
| Título |
La educación artística -- |
| -- |
Me conozco -- |
| -- |
La exploración y observación -- |
| -- |
La expressión artística -- |
| -- |
El arte y sus formas -- |
| -- |
El arte, la cultura y la historia -- |
| Información miscelánea |
v. 7 |
| Título |
La educación artística -- |
| -- |
La exploración y observación -- |
| -- |
Expresión y creación artística -- |
| -- |
El arte y sus formas -- |
| -- |
El arte y la cultura -- |
| Información miscelánea |
v. 8 |
| Título |
El arte universal -- |
| -- |
Conozcamos sobre el arte popular -- |
| -- |
Formación de las culturas latinoamericanas -- |
| -- |
El arte y sus formas -- |
| 700 12 - PUNTO DE ACCESO ADICIONAL--NOMBRE DE PERSONA |
| Nombre de persona |
Gil de Peiro, Dafne M. |
| 9 (RLIN) |
73245 |
| 700 12 - PUNTO DE ACCESO ADICIONAL--NOMBRE DE PERSONA |
| Nombre de persona |
Gil Bueno, Omar |
| 9 (RLIN) |
73246 |
| 700 12 - PUNTO DE ACCESO ADICIONAL--NOMBRE DE PERSONA |
| Nombre de persona |
Azócar, Marianella |
| 9 (RLIN) |
73247 |
| 700 12 - PUNTO DE ACCESO ADICIONAL--NOMBRE DE PERSONA |
| Nombre de persona |
Fung, Wi-Hen, |
| Término indicativo de función/relación |
il. |
| 9 (RLIN) |
73248 |
| 700 12 - PUNTO DE ACCESO ADICIONAL--NOMBRE DE PERSONA |
| Nombre de persona |
Sandoval, Ramón L., |
| Término indicativo de función/relación |
il. |
| 9 (RLIN) |
29585 |